| 000 | 00488nam a2200181Ia 4500 | ||
|---|---|---|---|
| 005 | 20241105025455.0 | ||
| 008 | 240331s9999 xx 000 0 und d | ||
| 020 | _a95592612203 | ||
| 082 |
_bGOO _a823 |
||
| 100 | _aGooneratne, Y | ||
| 245 | 0 |
_aCelebrating Sri lankan women's english writing-1948-2000 : _bVolume II |
|
| 260 |
_aColombo _bWomen's Education & Research centre _c2002 |
||
| 300 | _aviii, 451 p ., | ||
| 650 | _aWomen | ||
| 650 | _aFiction | ||
| 650 | _aPoems | ||
| 942 | _cL | ||
| 999 |
_c4355 _d4355 |
||